000
00375nam a22001697a 4500
003
MPLRDC
005
20220104153121.0
008
210129b ||||| |||| 00| 0 eng d
082
_a
857.7 LM
100
_a
鲁沫著
245
_a
金色年华
_c
250
_a
三版
260
_a
_b
香港大光出版社
_c
1972
300
_b
平
650
_a
942
_c
BK
_o
857.7 LM
999
_c
53265
_d
53255